000 01309nam0a2200313 4500
001 RU\NLR\bibl\69896
005 20250616094903.0
021 _aRU
_b1999-42749
_92100
035 _a(NLR Aleph) 000068184
090 _a374723
_c374723
100 _a20000211d1999 |||y0rusy50 ca
101 0 _arus
102 _aRU
105 _aa |||||||||
200 1 _aИстория геодезической науки
_eТекст лекций
_fНалимов Г.П.
_gМ-во общ. и проф. образования Рос. Федерации, Юж.-Ур. гос. ун-т. Архит.-строит. фак.
210 _aЧелябинск
_cИзд-во ЮУрГУ
_d1999
215 _a40, [3] с.
_cил.
_d20
320 _aБиблиогр. в конце кн.
606 0 _aГеодезия
_jРуководства, пособия и т.п.
_xИстория
_91386549
_3RU\NLR\auth\66269000
606 0 _aГеодезия
_jУчебные издания для высшей школы
_xИстория
_91386549
_3RU\NLR\auth\66269000
686 _aД1г.я73-2
700 1 _aНалимов
_bГ. П.
_gГеоргий Петрович
_4070
801 0 _aRU
_bNLR
_c20000211
_gPSBO
801 1 _aRU
_bNLR
_c20000211
852 _aNLR
_j99-4/10709
942 _cBOOK
980 _aNB